| Tag |
First Indicator |
Second Indicator |
Subfields |
| LEADER |
00000cam a2200000 i 4500 |
| 001 |
in00005757513 |
| 005 |
20260326211726.8 |
| 006 |
m o d |
| 007 |
cr cnu---unuuu |
| 008 |
141030s1979 enk o 000 0 eng d |
| 040 |
|
|
|a OPELS
|b eng
|e rda
|e pn
|c OPELS
|d N$T
|d OCLCF
|d YDXCP
|d EBLCP
|d DEBSZ
|d OCLCQ
|d MERUC
|d OCLCQ
|d INARC
|d OCLCQ
|d OCLCO
|d OCLCL
|d OCLCQ
|
| 019 |
|
|
|a 897645977
|
| 020 |
|
|
|a 9781483135670
|q (electronic bk.)
|
| 020 |
|
|
|a 1483135675
|q (electronic bk.)
|
| 020 |
|
|
|z 9780491023092
|
| 035 |
|
|
|a (OCoLC)894069589
|z (OCoLC)897645977
|
| 050 |
|
4 |
|a HF1017
|
| 072 |
|
7 |
|a BUS
|x 069000
|2 bisacsh
|
| 072 |
|
7 |
|a BUS
|x 055000
|2 bisacsh
|
| 082 |
0 |
4 |
|a 330.01/5195
|2 23
|
| 049 |
|
|
|a TXAM
|
| 100 |
1 |
|
|a Hoyle, Ken,
|e author.
|
| 245 |
1 |
0 |
|a Business statistics and accounting :
|b Made Simple /
|c Ken Hoyle, BSc (Econ) and Geoffrey Whitehead, BSc (Econ).
|
| 264 |
|
1 |
|a [London] :
|b Made Simple Books,
|c 1979.
|
| 300 |
|
|
|a 1 online resource
|
| 336 |
|
|
|a text
|b txt
|2 rdacontent
|
| 337 |
|
|
|a computer
|b c
|2 rdamedia
|
| 338 |
|
|
|a online resource
|b cr
|2 rdacarrier
|
| 588 |
0 |
|
|a Print version record.
|
| 505 |
0 |
|
|a Front Cover; Business Statistics and Accounting Made Simple; Copyright Page; Foreword; Acknowledgements; Table of Contents; SECTION 1: INTRODUCTION; Chapter 1. AN INTRODUCTION TO BUSINESS STATISTICS AND ACCOUNTING; 1.1 The Subject-matter of this Book; 1.2 Simple Business Calculations; 1.3 Business Statistics; 1.4 Accounting to the Trial Balance Level; 1.5 Accounting to Final Accounts Level; 1.6 Conclusion; SECTION 2: BUSINESS CALCULATIONS; Chapter 2. BASIC NUMERICAL KNOWLEDGE; 2.1 The Importance of Business Calculations; 2.2 Electronic Calculators and Business Calculations.
|
| 505 |
8 |
|
|a 2.3 Calculating Percentages of Quantities2.4 Exercises: Calculating Percentages of a Quantity; 2.5 Calculating Quantities as Percentages of Other Quantities; 2.6 Exercises: Calculating Quantities as Percentages of Other Quantities; 2.7 Simple Ratios; 2.8 Exercises: Simple Ratios; 2.9 The Unitary Method; 2.10 Exercises: The Unitary Method; 2.11 Powers and Roots; 2.12 Exercises: Raising Numbers to a Power; 2.13 Exercises: Square Roots of Numbers; 2.14 Exercises: The Laws of Indices; 2.15 Simple Equations; 2.16 Exercises: Simple Equations; SECTION 3: BUSINESS STATISTICS.
|
| 505 |
8 |
|
|a Chapter 3. AN INTRODUCTION TO BUSINESS STATISTICS3.1 The Meaning of 'Statistics; 3.2 Criticisms of Statistics; 3.3 Discrete and Continuous Variables; 3.4 Collection of Data; 3.5 Types of Sample; 3.6 Approximation and Error; 3.7 Simple Mathematical Symbols; 3.8 Exercises: Introductory Statistical Concepts; Chapter 4. CLASSIFICATION AND TABULATION; 4.1 Introduction; 4.2 The Classification of Data; 4.3 The Tabulation of Data; 4.4 Simple Tables; 4.5 Exercises: Simple Tabulation; 4.6 Frequency Distributions; 4.6 Frequency Distributions; 4.7 Cumulative Frequency Distributions.
|
| 505 |
8 |
|
|a 4.8 Exercises: Frequency DistributionsChapter 5. TIME SERIES; 5.1 Introduction; 5.2 The Trend; 5.3 Seasonal Variation; 5.4 Random Variations and the De-seasonalising of Data; 5.5 The Uses of Time Series; 5.6 Exercises: Time Series; Chapter 6. PICTORIAL REPRESENTATION OF STATISTICAL DATA; 6.1 Introduction; 6.2 Pictograms; 6.3 Bar Charts; 6.4 Histograms; 6.5 Gantt Charts; 6.6 Pie Charts; 6.7 Exercises: Diagrammatic Representation; Chapter 7. GRAPHS; 7.1 Introduction; 7.2 Constructing a Graph; 7.3 Simple Graphs; 7.4 The Z Chart; 7.5 Exercises: Simple Graphs; 7.6 Straight-line graphs.
|
| 505 |
8 |
|
|a 7.7 Exercises: Graphs of Simple Functions7.8 The Frequency Polygon; 7.9 Scatter Diagrams; 7.10 The Lorenz Curve; 7.11 Semi-Logarithmic Graphs; 7.12 Exercises: More Graphs and Diagrams; Chapter 8. MEASURES OF POSITION-THE MEAN, MEDIAN AND MODE; 8.1 The Reasons for Measuring Position; 8.2 The Arithmetic Mean; 8.3 Exercises: Arithmetic Means of Simple Series; 8.4 The Arithmetic Mean from a Frequency Distribution; 8.5 Exercises: The Arithmetic Mean from a Frequency Distribution; 8.6 The Arithmetic Mean from Grouped Data; 8.7 Exercises: The Arithmetic Mean from Grouped Data.
|
| 520 |
|
|
|a Business Statistics and Accounting.
|
| 650 |
|
0 |
|a Commercial statistics.
|
| 650 |
|
0 |
|a Accounting.
|
| 650 |
|
7 |
|a BUSINESS & ECONOMICS
|x Economics
|x General.
|2 bisacsh
|
| 650 |
|
7 |
|a BUSINESS & ECONOMICS
|x Reference.
|2 bisacsh
|
| 650 |
|
7 |
|a Accounting
|2 fast
|
| 650 |
|
7 |
|a Commercial statistics
|2 fast
|
| 655 |
|
7 |
|a Electronic books.
|2 local
|
| 700 |
1 |
|
|a Whitehead, Geoffrey,
|e author.
|
| 710 |
2 |
|
|a ScienceDirect (Online service)
|
| 758 |
|
|
|i has work:
|a Business Statistics and Accounting (Text)
|1 https://id.oclc.org/worldcat/entity/E39PCXRgqyVDphcbKhvJVfbVBX
|4 https://id.oclc.org/worldcat/ontology/hasWork
|
| 776 |
0 |
8 |
|i Print version:
|a Hoyle, Ken.
|t Business statistics and accounting.
|d London : W.H. Allen, 1979
|z 0491022999
|w (OCoLC)9026882
|
| 856 |
4 |
0 |
|u http://proxy.library.tamu.edu/login?url=https://www.sciencedirect.com/science/book/9780491023092
|z Connect to the full text of this electronic book
|t 0
|
| 955 |
|
|
|a Elsevier ScienceDirect 2026-2027
|
| 994 |
|
|
|a 92
|b TXA
|
| 999 |
f |
f |
|i d9d9687c-fb2b-493b-be9a-af8beb2a6c9b
|s e76e2f2b-9993-4aca-84ac-1a4ff5bad601
|t 0
|
| 952 |
f |
f |
|a Texas A&M University
|b College Station
|c Electronic Resources
|s www_evans
|d Available Online
|t 0
|e HF1017
|h Library of Congress classification
|
| 998 |
f |
f |
|a HF1017
|t 0
|l Available Online
|